|
|
|
|
| LEADER |
00757cam a2200217 7i4500 |
| 001 |
0000004173 |
| 005 |
20170218090000.0 |
| 020 |
|
|
|a 0471103861 (pbk.)
|
| 020 |
|
|
|a 9780471103868
|
| 090 |
0 |
0 |
|a HG4028.C45
|b P54 1995
|
| 100 |
1 |
|
|a Plewa, Franklin J
|
| 245 |
1 |
0 |
|a Understanding cash flow
|c Franklin J. Plewa, Jr. and George T. Friedlob.
|
| 260 |
|
|
|a New York:
|b John Wiley & Sons, Inc.,
|c 1995.
|
| 300 |
|
|
|a 246 p.:
|b ill.;
|c 17 x 25 cm.
|
| 490 |
0 |
|
|a Finance fundamentals for nonfinancial managers series
|
| 500 |
|
|
|a Includes index
|
| 650 |
0 |
0 |
|a Cash flow --
|x Accounting
|
| 650 |
0 |
0 |
|a Corporations --
|x Cash position
|
| 700 |
1 |
|
|a Friedlob, George T
|
| 997 |
|
|
|a Business & Accountancy, Faculty
|
| 999 |
|
|
|a 0000001904
|b BOK
|c OPEN SHELF
|e 1st Floor, Shah Alam
|